• 首页
  • 本馆介绍
  • 公告通知
  • 最新文献
  • 馆藏检索
  • 电子资源
  • 读者导购
  • 参考咨询
  • 我的图书馆
  • 登录
  • 详细信息显示
  • 放入我的书架
  • 预约/预借图书
  • 作者相关作品
  • 分类相关作品
  • 丛书相关作品
  • 出版社相关作品

书目信息

  • 表格格式
  • 工作单格式
  • 卡片格式
题名:
电动力学解题指导
    
 
作者: 王雪君 编
分册:  
出版信息: 北京   北京师范大学出版社  1998.6
页数: 215页
开本: 20cm
丛书名:
单 册:
中图分类: O442-44
科图分类:
主题词: 电动力学--习题 , 电动力学--问答
电子资源:
ISBN: 7-303-04434-5
000 00604nam0 2200217 45
001 0102261685
005 20041111112142.7
010    @a7-303-04434-5@dCNY9.00
100    @a20010226d1998 km y0chiy0120 ea
101 0  @achi
105    @a z 000yy
200 1  @a电动力学解题指导@ADian Dong Li Xue Jie Ti Zhi Dao@f王雪君编@FWang Xue Jun Bian
210    @a北京@c北京师范大学出版社@d1998.6
215    @a215页@d20cm
300    @a高等学校教学用书
606 0  @a电动力学@x习题
606 0  @a电动力学@x问答
690    @aO442-44@v1
701  0 @a王雪君@4编
801    @aCN@bTSTC@c20010226
905    @dO442-44@e13
    
    电动力学解题指导/王雪君编.-北京:北京师范大学出版社,1998.6
    215页;20cm
    高等学校教学用书
    
    ISBN 7-303-04434-5:CNY9.00
    
●
相关链接 在E读中查询图书 在五车中查询图书 在当当中查询图书 在豆瓣中查询图书


正题名:电动力学解题指导     索取号:O442-44/13         预约/预借

序号 登录号 条形码 馆藏地/架位号 状态 备注
1 0280561   002805619   第二样本阅览室/ [索取号:O442-44/13] 在馆    
2 0280562   002805628   第三借阅区/ [索取号:O442-44/13] 在馆    
3 0280563   002805637   第三借阅区/ [索取号:O442-44/13] 在馆    
4 0280564   002805646   第三借阅区/ [索取号:O442-44/13] 在馆    
5 0280565   002805655   第三借阅区/ [索取号:O442-44/13] 在馆    
6 0280566   002805664   第三借阅区/ [索取号:O442-44/13] 在馆    
7 0280567   002805673   第三借阅区/ [索取号:O442-44/13] 在馆    
8 0280568   002805682   第三借阅区/ [索取号:O442-44/13] 在馆    
9 0280569   002805691   第三借阅区/ [索取号:O442-44/13] 在馆    
10 0280570   002805708   第三借阅区/ [索取号:O442-44/13] 在馆    
11 0280571   002805717   第三借阅区/ [索取号:O442-44/13] 在馆    
12 0280572   002805726   第三借阅区/ [索取号:O442-44/13] 在馆    
13 0280573   002805735   第三借阅区/ [索取号:O442-44/13] 在馆    
14 0280574   002805744   第三借阅区/ [索取号:O442-44/13] 在馆    
15 0280575   002805753   第三借阅区/ [索取号:O442-44/13] 在馆    
16 0280576   002805762   第三借阅区/ [索取号:O442-44/13] 在馆    
17 0280577   002805771   第三借阅区/ [索取号:O442-44/13] 在馆    
18 0280578   002805780   第三借阅区/ [索取号:O442-44/13] 在馆    
19 0280579   002805799   第三借阅区/ [索取号:O442-44/13] 在馆    
20 0280580   002805806   第三借阅区/ [索取号:O442-44/13] 在馆    
21 0294933   002949331   第三借阅区/ [索取号:O442-44/13] 在馆    
22 0294934   002949340   第三借阅区/ [索取号:O442-44/13] 在馆    
23 0294935   002949359   第三借阅区/ [索取号:O442-44/13] 在馆    
24 0294936   002949368   第三借阅区/ [索取号:O442-44/13] 在馆    
25 0294937   002949377   第三借阅区/ [索取号:O442-44/13] 在馆    
唐山师范学院图书馆 欢迎您!
大连网信软件有限公司© 版权所有